El voto costarricense en el extranjero y la participación del cuerpo consular /
El artículo examina en detalle la participación del cuerpo consular en la implementación del voto costarricense en el extranjero y su influencia en la participación política de los ciudadanos costarricenses fuera del país. Se abordan aspectos legales, logísticos y de colaboración entre las autoridad...
Na minha lista:
| Autor principal: | |
|---|---|
| Formato: | Livro |
| Idioma: | Spanish |
| Assuntos: | |
| Acesso em linha: | texto completo desde el sitio de la revista |
| Tags: |
Adicionar Tag
Sem tags, seja o primeiro a adicionar uma tag!
|
MARC
| LEADER | 00000nam a22000007a 4500 | ||
|---|---|---|---|
| 003 | cru CRAI/IIS | ||
| 005 | 20230829193510.0 | ||
| 007 | ta | ||
| 008 | 191121b2018 cr |||p|r|||| 00| 0 spa d | ||
| 040 | |c cru CRAI/IIS | ||
| 100 | 1 | |9 8800 |a Salgado Retana, Eduardo | |
| 245 | 1 | 3 | |a El voto costarricense en el extranjero y la participación del cuerpo consular / |c Eduardo Salgado Retana |
| 300 | |a páginas 111-123 | ||
| 520 | |a El artículo examina en detalle la participación del cuerpo consular en la implementación del voto costarricense en el extranjero y su influencia en la participación política de los ciudadanos costarricenses fuera del país. Se abordan aspectos legales, logísticos y de colaboración entre las autoridades electorales y los cuerpos consulares para asegurar la adecuada representación de los votantes en el exterior. Se destaca la importancia de esta colaboración para superar obstáculos y garantizar la transparencia y equidad en los procesos electorales. Además, se analizan perspectivas de mejora en la implementación del voto en el extranjero y se resalta su relevancia en el contexto de las relaciones internacionales y los derechos electorales de los ciudadanos. En definitiva, el estudio ofrece una visión completa de cómo el voto costarricense en el extranjero y la participación del cuerpo consular son elementos clave en la promoción de la participación política y ciudadana de los costarricenses en el exterior. RAR 07/2023 | ||
| 650 | 0 | |2 OCDE |9 7473 |a COMPORTAMIENTO ELECTORAL | |
| 650 | 0 | |2 OCDE |9 3795 |a VOTACION | |
| 650 | 0 | |2 OCDE |9 2174 |a SISTEMAS ELECTORALES | |
| 650 | 0 | |2 OCDE |9 414 |a CIUDADANIA | |
| 650 | 0 | |2 OCDE |9 11602 |a PARTICIPACION ACTIVA | |
| 650 | 4 | |2 OCDE |9 2646 |a RELACIONES INTERNACIONALES | |
| 650 | 0 | |2 OCDE |9 3841 |a DERECHOS CIVILES | |
| 651 | 0 | |2 OCDE |9 32 |a COSTA RICA | |
| 773 | 0 | |0 40478 |9 2921 |a Costa Rica. Tribunal Supremo de Elecciones |d San José, Costa Rica: Tribunal Supremo de Elecciones 2006- |o 17065 |t Revista de Derecho Electoral / | |
| 856 | |u https://www.tse.go.cr/revista/art/26/salgado_retana.pdf |y texto completo desde el sitio de la revista | ||
| 942 | |2 ddc |c PP | ||
| 999 | |c 42620 |d 42620 | ||
